| 000 | 00360nam a22001457a 4500 | ||
|---|---|---|---|
| 003 | MACL | ||
| 005 | 20170702131013.0 | ||
| 008 | 170702b xxu||||| |||| 00| 0 eng d | ||
| 040 | _cMACL | ||
| 100 |
_aArya, Geeta _968001 |
||
| 245 | _aTales from The Arabian Nights | ||
| 260 |
_aDelhi _bApple Books _c2017 |
||
| 650 |
_aChildren book _968002 |
||
| 942 |
_2ddc _cBK |
||
| 999 |
_c56692 _d56692 |
||